London Borough of Islington V Abdel-Malek (Record no. 79146)
[ view plain ]
| 000 -LEADER | |
|---|---|
| fixed length control field | 02033cad a22002415a 4500 |
| 001 - CONTROL NUMBER | |
| control field | L139973 |
| 008 - FIXED-LENGTH DATA ELEMENTS--GENERAL INFORMATION | |
| fixed length control field | 070824e20070807xxk f w 000 0 eng d |
| 035 ## - SYSTEM CONTROL NUMBER | |
| System control number | (Sirsi) u139973 |
| 041 0# - LANGUAGE CODE | |
| Language code of text/sound track or separate title | eng |
| 245 00 - TITLE STATEMENT | |
| Title | London Borough of Islington V Abdel-Malek |
| Medium | [electronic resource] |
| 260 ## - PUBLICATION, DISTRIBUTION, ETC. | |
| Date of publication, distribution, etc. | 2007 |
| 520 ## - SUMMARY, ETC. | |
| Summary, etc. | Lands Tribunal LRX/90/2006, 16 July 2007. The appellant authority (I) appealed against a ruling that it had failed to provide sufficient information to the respondent tenant (A) regarding the estimates of different companies when performing repairs upon her flat. A was the leaseholder of a flat in a block managed by I. I proposed to carry out cyclical maintenance and repairs upon all the flats in A's block and some other blocks. Several estimates were obtained, but the breakdown in price as to the tenant's block, and therefore the share of the cost she would pay, was only given in respect of the company awarded the contract. It had been ruled that this did not fulfil I's obligation to provide a full breakdown of costs. "Held": It was incumbent upon I to provide full details of all estimates for the proposed works. That this was administratively inconvenient did not alter the fact. Full detail was to be given in respect of all estimates, rather than just the lowest or that which won the contract. Although A had sufficient time to budget for payment, this did not alter the facts of the case. Appeal dismissed. |
| 590 ## - LOCAL NOTE (RLIN) | |
| Local note | KA NTK |
| 650 24 - SUBJECT ADDED ENTRY--TOPICAL TERM | |
| Topical term or geographic name entry element | RICHMOND HOUSING PARTNERSHIP V SMITH |
| 650 24 - SUBJECT ADDED ENTRY--TOPICAL TERM | |
| Topical term or geographic name entry element | GILJE AND OTHERS V CHARLEGROVE SECURITIES LTD AND ANOTHER |
| 650 24 - SUBJECT ADDED ENTRY--TOPICAL TERM | |
| Topical term or geographic name entry element | LONDON BOROUGH OF ISLINGTON V ABDEL-MALEK |
| 650 24 - SUBJECT ADDED ENTRY--TOPICAL TERM | |
| Topical term or geographic name entry element | LANDLORD AND TENANT ACT 1985 S20 |
| 650 24 - SUBJECT ADDED ENTRY--TOPICAL TERM | |
| Topical term or geographic name entry element | LONDON BOROUGH OF HARINGEY V BALL AND OTHERS |
| 651 #4 - SUBJECT ADDED ENTRY--GEOGRAPHIC NAME | |
| Geographic name | England and Wales |
| Chronological subdivision | 1543- |
| 690 ## - LOCAL SUBJECT ADDED ENTRY--TOPICAL TERM (OCLC, RLIN) | |
| Topical term or geographic name as entry element | PROPERTY-RESIDENTIAL PROPERTY-RESIDENTIAL LANDLORD AND TENANT-RESIDENTIAL LEASES |
| 856 48 - ELECTRONIC LOCATION AND ACCESS | |
| Uniform Resource Identifier | <a href="https://www.landstribunal.gov.uk/aspx/view.aspx?id=454">https://www.landstribunal.gov.uk/aspx/view.aspx?id=454</a> |
| Public note | View the judgment free of charge at www.landstribunal.gov.uk... |
| 942 ## - ADDED ENTRY ELEMENTS (KOHA) | |
| Suppress in OPAC | 0 |
| Withdrawn status | Lost status | Source of classification or shelving scheme | Damaged status | Not for loan | Home library | Current library | Shelving location | Date acquired | Total Checkouts | Full call number | Barcode | Date last seen | Copy number | Price effective from | Koha item type |
|---|---|---|---|---|---|---|---|---|---|---|---|---|---|---|---|
| Dewey Decimal Classification | Virtual | Virtual | Online | 24/08/2007 | ONLINE PUBLICATION | 139973-1001 | 06/08/2019 | 1 | 06/08/2019 | Law report |